A viagem do Pai Natal (Registo nº 4186)

Detalhes MARC
000 -Etiqueta do registo
Cabeçalho 00725nam a2200277 4500
005 - Identificador da versão
Campo de controlo 20240813122054.0
010 ## - Número internacional normalizado dos livros (ISBN)
Número (ISBN) 9720707712
021 ## - Número do Depósito Legal
Código do país PT
Número 222021/05
100 ## - Dados gerais de processamento
Dados gerais de processamento 20061016e2005 b y0pory5003 ba
102 ## - Pais de publicação ou produção
País de publicação Portugal
101 1# - Língua de publicação
Língua do texto, banda sonora, etc. Português
Língua do documento no original Inglês
106 ## - Campo de dados codificados: material textual
Dados codificados do material textual r
105 ## - Campo de dados codificados: livros
Dados codificados dos livros a z 000yy
215 ## - Descrição física 
Indicação específica da natureza do documento e extensão da espécie [11] p.
Outras indicações físicas todo il.
Dimensões 26 cm
200 1# - Titulo e menção de responsabilidade
Título próprio A viagem do Pai Natal
Primeira menção de responsabilidade [ed. lit.] Porto Editora
225 1# - Colecção 
Título próprio da colecção Grande magia de Natal
205 ## - Menção da edição
Menção da edição [1ª ed.
Outras menções de edição 3ª reimp.]
210 ## - Publicação, Distribuição, etc. 
Lugar da edição, distribuição, etc. Porto
Nome do editor, distribuidor, etc. Porto Editora
Data da publicação, distribuição, etc. 2005
304 ## - Notas relativas a título e menção de responsabilidade 
Texto da nota Tít. orig.: Santa's sleigh ride
675 ## - Classificação Decimal Universal (CDU)
Notação 087.5
Edição BN
Língua da edição por
712 02 - Nome de colectividade-autor (responsabilidade secundária)
Número de registo de entrada de autoridade 0000829
Palavra de ordem Porto Editora
Código de função Editor literário / Coordenador
942 ## - Elementos de entrada adicionados (Koha)
Tipo de item no Koha Livro
Exemplares
Situação do levantamento Origin of item (home branch) (coded) Biblioteca de empréstimo Código de barras Cota Circulation type (not for loan) Tipo de documento Nota do exemplar Damaged status
  Biblioteca Escolar das Vendas Biblioteca Escolar das Vendas BEV1592 8EST GRA   Livro Sem mensagem